00602nam a2200169 a 4500003000400000005001700004008004100021040000800062050001700070100002100087245008300108260003900191350000900230500005600239650003900295856009800334OSt20230426101803.0100721s1993 ||||||||||||||||| || u cLOC aPAPERS/STAFF aMbewe, Godfrey L10aReport on the national workshop on textbook provission and the feasibility.... aKitwebCopperbelt Universityc1993 a0.00 aThis batch includes other papers by the same Author aLIBRARIES--HANDBOOKS, MANUALS, ETC uhttp://41.63.3.93:8025/cgi-bin/koha/opac-retrieve-file.pl?id=fec5bc8bab89c51691031e04cf39d376